A civilização Greco-Romana (Registo nº 200948)
[ vista simples ]
| 000 -Etiqueta do registo | |
|---|---|
| Valores | 00674nam 22001933 4500 |
| 100 ## - Dados gerais de processamento | |
| Dados gerais | 20260303d u||y0pory50 ba |
| 200 ## - Titulo e menção de responsabilidade | |
| Título próprio | A civilização Greco-Romana |
| Primeira menção de responsabilidade | Edwyn Bevan |
| Outras menções de responsabilidade | tradução de Casais Monteiro |
| 210 ## - Publicação | |
| Local de publicação | Lisboa |
| Nome do editor | Inquérito |
| Data de publicação | imp. 1941 |
| 215 ## - Descrição física | |
| Paginação / Volumes | 83, [5] p. |
| Outras indicações físicas | brochado |
| Dimensões | 19 cm |
| 225 ## - Colecção | |
| Título próprio da colecção | Cadernos Culturais |
| Informação de outro título | Série A - Política e história |
| Número de parte ou secção | XV |
| Indicação de volume | 66 |
| 606 ## - Nome comum usado como assunto | |
| ID Autoridade | 5897 |
| Palavra de ordem | História da Civilização. História Cultural |
| 675 ## - CDU | |
| Notação | 930.85(37+38) |
| Edição | PT |
| Língua | por |
| 700 ## - Autor principal (pessoa individual) | |
| ID Autoridade | 16626 |
| Apelido | Bevan |
| Nome | Edwyn Robert |
| Datas | 1870-1943 |
| 702 ## - Autor secundário (pessoa individual) | |
| ID Autoridade | 16627 |
| Apelido | Monteiro |
| Nome | Casais |
| 801 ## - Fonte de origem | |
| País | PT |
| Agência | BMMN |
| Regras de catalogação | RPC |
| 830 ## - Notas gerais do catalogador | |
| Criado por | Ana Falardo |
| Indexado por | Ana Falardo |
| 990 ## - Elementos KOHA | |
| Tipo de documento | Livro |
| Situação do levantamento | Biblioteca de origem | Código de barras | Cota | Permissão de empréstimo | Tipo de documento | Nota relativa ao exemplar | Forma de aquisição |
|---|---|---|---|---|---|---|---|
| Biblioteca Municipal de Montemor-o-Novo | 30214 | 930.85 BEV|SAF | Livro | Acesso condicionado | Oferta |